| 000 | 00441nam a2200157Ia 4500 | ||
|---|---|---|---|
| 008 | 210719s2001 xx 000 0 und d | ||
| 020 | _a8185604185 | ||
| 041 | _aeng | ||
| 082 | _a294.5 ILAW | ||
| 100 | _aILAIAH (Kancha) | ||
| 245 | _aWhy i am not a hindu: a sudra critique of hindutva philosophy, culture and political economy. | ||
| 260 |
_aKolkata _bSamya _c2001 |
||
| 300 |
_axii,132 _bPB |
||
| 365 |
_b140 _cRs |
||
| 650 | _aHinduism | ||
| 999 |
_c213833 _d213833 |
||